<?xml version="1.0" encoding="UTF-8"?>
<marc:record xmlns:marc="http://www.loc.gov/MARC21/slim">
   <marc:leader>00000nam a2200000 a 4500</marc:leader>
   <marc:datafield ind1="1" ind2=" " tag="100">
      <marc:subfield code="a">Ernesti, Jörg</marc:subfield>
      <marc:subfield code="4">edt</marc:subfield>
      <marc:subfield code="e">Bearbeiter/-in</marc:subfield>
   </marc:datafield>
   <marc:datafield ind1="1" ind2=" " tag="100">
      <marc:subfield code="a">Fistill, Ulrich</marc:subfield>
      <marc:subfield code="4">edt</marc:subfield>
      <marc:subfield code="e">Bearbeiter/-in</marc:subfield>
   </marc:datafield>
   <marc:datafield ind1="1" ind2=" " tag="100">
      <marc:subfield code="a">Lintner, Martin M.</marc:subfield>
      <marc:subfield code="4">edt</marc:subfield>
      <marc:subfield code="e">Bearbeiter/-in</marc:subfield>
   </marc:datafield>
   <marc:datafield ind1="0" ind2="0" tag="245">
      <marc:subfield code="a">Heilige Kirche - sündige Kirche</marc:subfield>
   </marc:datafield>
   <marc:datafield ind1="0" ind2="0" tag="245">
      <marc:subfield code="c">hrsg. von Jörg Ernesti ...</marc:subfield>
   </marc:datafield>
   <marc:datafield ind1=" " ind2="1" tag="264">
      <marc:subfield code="a">Brixen</marc:subfield>
      <marc:subfield code="b">Weger</marc:subfield>
      <marc:subfield code="c">2011</marc:subfield>
   </marc:datafield>
   <marc:datafield ind1="1" ind2=" " tag="520">
      <marc:subfield code="a">Angaben aus der Verlagsmeldung

Heilige Kirche - sündige Kirche : Brixner Theologisches Jahrbuch 1/2010. Herausgegeben im Auftrag des Professorenkollegiums der Philosophisch-Theologischen Hochschule Brixen

Heft 1 des neuen Jahrbuches knüpft an der öffentlichen Debatte um die Fälle von Missbrauch durch Priester und Ordensleute an, welche die Kirche in vielen Ländern erschüttert hat. Die AutorInnen - großteils Professoren an der Philosophisch-Theologischen Hochschule Brixen - behandeln zum Teil direkt den sexuellen Missbrauch, zum Teil gehen sie aus der Sicht ihres jeweiligen Faches der Frage nach, inwiefern die Kirche schuldig werden und dennoch die "Heilige Kirche" bleiben kann, wie sie im Credo bekannt wird. Es geht um Schuld und Vergebung, Treue und Untreue, um theologische, philosophische, rechtliche und pastorale Fragestellungen.
Das Brixner Theologische Jahrbuch löst als Periodikum die Vierteljahresschrift Brixner Theologisches Forum ab, welche 1889 unter dem Titel Priester-Conferenzblatt gegründet worden war. Das neue Jahrbuch erscheint nun im Tyrolia-Verlag und widmet sich jeweils einem in Kirche oder Theologie aktuellen Thema. Dem Charakter der Brixner Hochschule entsprechend enthält das Jahrbuch auch Beiträge auf Italienisch (in Jahrbuch 1/2010 sind das 2 der insgesamt 15 Beiträge). Jahrbuch 2/2011 erscheint im Herbst 2011.

Mit Beiträgen von Cristiano Bettega, Ermenegildo Bidese, Jörg Ernesti, Ulrich Fistill, Alois Gurndin, Johann Kiem, Martin M. Lintner, Michael Mitterhofer, Ivo Muser, Dorothea Rechenmacher, Paul Renner, Michael Rosenberger, Roman A. Siebenrock, Arnold Stiglmair und Gottfried Ugolini.
</marc:subfield>
   </marc:datafield>
   <marc:datafield ind1=" " ind2=" " tag="020">
      <marc:subfield code="a">9783702231347</marc:subfield>
      <marc:subfield code="9">9783702231347</marc:subfield>
   </marc:datafield>
   <marc:datafield ind1=" " ind2=" " tag="041">
      <marc:subfield code="a">ger</marc:subfield>
   </marc:datafield>
   <marc:datafield ind1=" " ind2=" " tag="300">
      <marc:subfield code="a">208 S.</marc:subfield>
   </marc:datafield>
</marc:record>
